| 000 | 00000nam 2200000za 4500 |
| 001 | 9.852411 |
| 003 | CaOODSP |
| 005 | 20221107154557 |
| 007 | cr ||||||||||| |
| 008 | 180226s1970 onc #o f000 0 eng d |
| 040 | |aCaOODSP|beng |
| 043 | |an-cn--- |
| 086 | 1 |aR32-431/1970E-PDF |
| 245 | 00|aBackground to the Robinson-Huron, Robinson-Superior Treaties |h[electronic resource]. |
| 246 | 16|aHistorical background to the Robinson-Huron Treaty (September 9, 1850) |
| 260 | |aOttawa : |bTreaties and Historical Research Centre, |c1970. |
| 300 | |a1 v. (various pagings) |
| 500 | |aTitle from cover. |
| 500 | |aDigitized edition from print [produced by Indigenous and Northern Affairs Canada]. |
| 520 | |a"The main innovative features of the Robinson Huron Treaty compared to the earlier purchases in Upper Canada before 1850 were: annuities, reserves for the Indians, and the right to hunt and fish on unoccupied Crown lands (with the consent of the Provincial Government)"--p. [1]. |
| 692 | 07|2gccst|aAboriginal peoples |
| 692 | 07|2gccst|aAgreements |
| 692 | 07|2gccst|aCanadian history |
| 710 | 2 |aTreaties and Historical Research Centre (Canada) |
| 710 | 1 |aCanada. |bIndian and Northern Affairs Canada. |
| 856 | 40|qPDF|s751 KB|uhttps://publications.gc.ca/collections/collection_2018/aanc-inac/R32-431-1970-eng.pdf |